La Voz médica. (Record no. 2384)

MARC details
000 -LEADER
campo de control de longitud fija 00708nas a2200229 i 4500
001 - NÚMERO DE CONTROL
campo de control 2384
003 - IDENTIFICADOR DE NÚMERO DE CONTROL
campo de control ES-MaACL
005 - FECHA Y HORA DE LA ÚLTIMA TRANSACCIÓN
campo de control 20250807062541.0
008 - DATOS DE LONGITUD FIJA--INFORMACIÓN GENERAL
campo de control de longitud fija 950801d19221936sp | | 1 ||pa d
022 ## - NÚMERO INTERNACIONAL NORMALIZADO PARA PUBLICACIONES SERIADAS
Número Internacional Normalizado para Publicaciones Seriadas 0214-5472
080 ## - NÚMERO DE LA CLASIFICACIÓN DECIMAL UNIVERSAL
Número de la Clasificación Decimal Universal 61
245 03 - MENCIÓN DEL TÍTULO
Título La Voz médica.
260 ## - PUBLICACIÓN, DISTRIBUCIÓN, ETC.
Lugar de publicación, distribución, etc. Madrid :
Nombre del editor, distribuidor, etc. La Voz médica,
Fecha de publicación, distribución, etc. 1922-1936.
300 ## - DESCRIPCIÓN FÍSICA
Extensión 4 v. :
Otras características físicas grab ;
Dimensiones 62 y 47 cm.
310 ## - PERIODICIDAD ACTUAL
Periodicidad actual Bisemanal
321 ## - PERIODICIDAD ANTERIOR
Periodicidad anterior Semanal,
Fechas de la periodicidad anterior 1922-1932
362 0# - FECHAS DE PUBLICACIÓN Y/O DESIGNACIÓN SECUENCIAL
Fecha de publicación y/o designación secuencial Año I (1922)-1936.
650 17 - PUNTO DE ACCESO ADICIONAL DE MATERIA--TÉRMINO DE MATERIA
Término de materia o nombre geográfico como elemento de entrada Medicina
Fuente del encabezamiento o término embne
9 (RLIN) 14891
852 ## - LOCALIZACIÓN
Ubicación ES-MaACL
Número de control de estantería HEM-GF-5
Encuadernación Olim: Hem-556
866 #0 - MENCIÓN TEXTUAL DE FONDOS--UNIDAD BIBLIOGRÁFICA BÁSICA
Fondos 1925-26,(1933f.n.835y919)(1934f.n.955y1010y1018-1023)(1935f.n.1053y1101y1118y1127y1130y1131)(1936f.n.1158y1173y1175y1199).
Holdings
Estatus retirado Estado de pérdida Estado de daño No para préstamo Colección Biblioteca de origen Biblioteca actual Ubicación en estantería Fecha de adquisición Fuente de adquisición Total de préstamos Signatura topográfica completa Código de barras Visto por última vez Precio de reemplazo Tipo de ítem Koha
        Periódicos y Revistas Biblioteca del Ateneo de Madrid Biblioteca del Ateneo de Madrid Depósito 1 17/01/2008     HEM-GF-5 1002425 23/02/2023 23/02/2023 Revista